000
00329nam a22001457a 4500
003
SGT
082
_a
617.643
_b
A21R
100
_a
Rao, Ankita
245
_a
Anchorage in Orthodontics
260
_a
Gurugram, Haryana
_b
SGT University
_c
2021
300
_a
101
650
_a
Orthodontics
653
_a
Orthodontics
942
_2
ddc
_c
TH
999
_c
23616
_d
23616